00494 2200205 4500001002100000008004100021035002000062245004900082100002500131250000600156260003200162300001100194084001400205082000800219650001300227990001200240990001200252990001200264990001200276INLIS000000000000709 ind  a0010-0424000685 aProses Dasar PneumatikcHaji Adriani, S.Pd.T aHaji Adriani, S.Pd.T a1 aYogyakarta :bInsaniac2011 a76 hlm a600 HAJ p a600 aNonfiksi a0721916 a0721917 a0721918 a0721919